| 000 | 00673nam a2200217 a 4500 | ||
|---|---|---|---|
| 001 | 46061 | ||
| 003 | BD-RjUL | ||
| 005 | 20211209054113.0 | ||
| 008 | 160730s1957 enk 000 0 eng d | ||
| 035 | _a(BD-RjUL)46179 | ||
| 040 |
_aFHM _cFHM _dUKM _dBD-RjUL _beng |
||
| 041 | _aeng | ||
| 082 | 0 | 4 |
_a378.15540913 _223 _bRAA 1957 |
| 100 | 1 |
_aRaybould, Sidney Griffith, _d1903- _9140801 |
|
| 245 | 1 | 0 |
_aAdult education at a tropical university / _cby S. G. Raybould. |
| 260 |
_aNew York : _bLongmans, Green & co. , _c1957 |
||
| 300 |
_aix, 114 p. ; _c19 cm. |
||
| 650 | 0 |
_aAdult education _zNigeria. _9140802 |
|
| 651 | 0 |
_bUniversity. _aIbadan, Nigeria. _9140803 |
|
| 942 |
_2ddc _cBK |
||
| 999 |
_c46061 _d46061 |
||